| 000 | 00551nam a22001817a 4500 | ||
|---|---|---|---|
| 003 | BD-DhUL | ||
| 005 | 20210214105216.0 | ||
| 008 | 171108s1307 xx ||||| |||| 00| 0 per d | ||
| 040 |
_aBD-DhUL _cBD-DhUL |
||
| 082 |
_a891.551 _bAUJ |
||
| 100 | 3 | _aاوحد الدین اوحدی۔ | |
| 245 | 0 |
_aجام جم اوحدی / _cاوحد الدین اوحدی۔ |
|
| 246 | _aJāmejam Ouhadī | ||
| 260 |
_aتهران : _bچاپخانه فردوسی، _c۔۱۳۰۷ |
||
| 300 |
_aص۔ ۲۶۴ ؛ _c۲۰ سم۔ |
||
| 650 | 0 | _aPersian poetry. | |
| 942 |
_2ddc _cBK |
||
| 999 |
_c231837 _d231837 |
||